[Event "Kieler Open 2016-A"]
[Site "Kiel"]
[Date "2016.07.31"]
[Round "4.28"]
[White "Karlisch, Moritz"]
[Black "Voelzke, Ferdinand"]
[Result "1/2-1/2"]
[WhiteElo "1823"]
[BlackElo "2159"]
[PlyCount "84"]

1. d4 Nf6 2. c4 g6 3. Nc3 Bg7 4. e4 d6 5. Nf3 O-O 6. Be2 e5 7. d5 a5 8. Bg5 Na6
9. O-O Qe8 10. Nd2 Nd7 11. a3 h6 12. Be3 f5 13. f3 f4 14. Bf2 g5 15. b4 b6 16.
bxa5 bxa5 17. Nb3 a4 18. Nxa4 Nf6 19. Nc3 h5 20. c5 g4 21. cxd6 cxd6 22. Bh4
Qg6 23. Nb5 Ne8 24. Na5 Bd7 25. Nc6 Rf7 26. Ne7+ Rxe7 27. Bxe7 gxf3 28. Rxf3
Nc5 29. Nc3 Bf6 30. Bxf6 Nxf6 31. Qb1 Kh7 32. h3 Rg8 33. Bf1 Kh6 34. Ra2 Nh7
35. Kf2 Ng5 36. Be2 Nxf3 37. Bxf3 Qg3+ 38. Ke2 Bxh3 39. Qh1 Bg4 40. Kf1 Nd3 41.
Re2 Nc1 42. Rc2 Nd3 1/2-1/2

[Event "Kieler Open 2016-A"]
[Site "Kiel"]
[Date "2016.07.31"]
[Round "4.29"]
[White "Quiring, Nikolai"]
[Black "Priemer, Siegfried"]
[Result "1-0"]
[WhiteElo "2026"]
[BlackElo "1883"]
[PlyCount "73"]

1. d4 Nf6 2. c4 e6 3. Nc3 Bb4 4. Qc2 d5 5. a3 Be7 6. cxd5 exd5 7. Bg5 c6 8. e3
Nbd7 9. Bd3 O-O 10. Bf4 a6 11. Nf3 b6 12. Ne5 Bb7 13. Bf5 g6 14. Bh6 gxf5 15.
Qxf5 Nxe5 16. dxe5 Ne8 17. O-O-O Bc8 18. Qf4 Qd7 19. g4 Qe6 20. Bxf8 Bxf8 21.
Qg3 Bg7 22. f4 f6 23. e4 fxe5 24. f5 Qf7 25. Kb1 d4 26. Na2 c5 27. g5 Qc7 28.
f6 Bf8 29. Rdf1 Kf7 30. Rhg1 Bb7 31. g6+ hxg6 32. Qxg6+ Ke6 33. f7+ Nf6 34.
Rxf6+ Kd7 35. Qf5+ Ke7 36. Qe6+ Kd8 37. Qe8# 1-0

[Event "Kieler Open 2016-A"]
[Site "Kiel"]
[Date "2016.07.31"]
[Round "4.30"]
[White "Hagenlüke, Thomas"]
[Black "Keyser, Philipp"]
[Result "0-1"]
[WhiteElo "2010"]
[BlackElo "1865"]
[PlyCount "124"]

1. d4 Nf6 2. c4 e6 3. Nc3 Bb4 4. f3 Nh5 5. Nh3 O-O 6. a3 Bxc3+ 7. bxc3 f5 8.
Bg5 Qe8 9. e3 b6 10. Bd3 Bb7 11. O-O Nc6 12. Qc2 Nf6 13. e4 fxe4 14. fxe4 e5
15. d5 Ne7 16. Bxf6 Rxf6 17. Rxf6 gxf6 18. Rf1 Kg7 19. Rf3 Ng6 20. Nf2 Qe7 21.
Ng4 Rf8 22. Ne3 Qxa3 23. Nf5+ Kf7 24. Rh3 Rh8 25. Rh6 Ke8 26. h4 Qf8 27. Qd1
Kd8 28. Qf3 Ne7 29. Rh5 Nxf5 30. Qxf5 Qg7 31. Be2 Rg8 32. Qf2 Kc8 33. Rf5 Rf8
34. c5 {=} 34... Qh6 35. Rf3 Qg6 36. Bd3 Kb8 37. d6 Qh6 38. dxc7+ Kxc7 39.
cxb6+ axb6 40. Bf1 Bxe4 41. Re3 Bc6 42. c4 Qf4 43. Qxf4 exf4 44. Re7 h5 45. Rh7
f3 46. g3 Rg8 47. Kf2 Rg4 48. Rxh5 Rd4 49. Rf5 Rd2+ 50. Ke3 Rd1 51. Kf2 Rd2+
52. Ke1 Rd6 53. Rf4 Re6+ 54. Kf2 Kd8 55. Bd3 Rd6 56. Be4 Rd2+ 57. Kxf3 Ke7 58.
g4 Rd4 59. h5 Rxc4 60. h6 Rxe4 61. h7 Re1+ 62. Kg3 Rh1 0-1

[Event "Kieler Open 2016-A"]
[Site "Kiel"]
[Date "2016.07.31"]
[Round "4.31"]
[White "Thieme, Daniel Otis"]
[Black "Busse, Tom Niklas"]
[Result "0-1"]
[WhiteElo "1878"]
[BlackElo "1997"]
[PlyCount "88"]

1. e4 c6 2. c4 d5 3. cxd5 cxd5 4. exd5 Nf6 5. Nc3 g6 6. Bc4 Bg7 7. d4 O-O 8.
Nf3 Nbd7 9. d6 exd6 10. O-O Nb6 11. Bd3 Be6 12. Bg5 Nbd5 13. Rc1 Qb6 14. Qd2
Bg4 15. Ne1 Qxd4 16. h3 Be6 17. Nf3 Qb6 18. Bh6 Rac8 19. Bxg7 Kxg7 20. Ne4 Nxe4
21. Bxe4 Nf6 22. Bb1 Rc5 23. Rcd1 Rd5 24. Nd4 Rc8 25. Rfe1 Rc4 26. Nxe6+ fxe6
27. Qe2 Rxd1 28. Rxd1 d5 29. Qe5 Rc6 30. g4 Qc7 31. Qd4 Rc1 32. g5 Rxd1+ 33.
Qxd1 Nd7 34. Qe1 e5 35. Qb4 Qc1+ 36. Kh2 Qf4+ 37. Qxf4 exf4 38. Kg2 Ne5 39. Kf1
Nf3 40. h4 Nd2+ 41. Ke2 Nxb1 42. Kd3 Kf7 43. Kc2 Ke6 44. Kxb1 f3 0-1

[Event "Kieler Open 2016-A"]
[Site "Kiel"]
[Date "2016.07.31"]
[Round "4.32"]
[White "Van den Boogaart, Jan Marten"]
[Black "Papesch, Dennis"]
[Result "1-0"]
[WhiteElo "1988"]
[BlackElo "1852"]
[PlyCount "49"]

1. d4 Nf6 2. c4 g6 3. Nc3 d5 4. Qb3 dxc4 5. Qxc4 Bg7 6. Nf3 O-O 7. e4 c6 8. Be2
Nbd7 9. O-O Nb6 10. Qb3 Be6 11. Qc2 Rc8 12. h3 Qc7 13. Ng5 Bc4 14. Bxc4 Nxc4
15. b3 Nb6 16. Be3 e5 17. dxe5 Qxe5 18. f4 Qc7 19. e5 Nfd5 20. Nxd5 Nxd5 21.
Bc5 Qd7 22. Bxf8 Rxf8 23. Rae1 Qd8 24. Ne4 g5 25. Nxg5 1-0

[Event "Kieler Open 2016-A"]
[Site "Kiel"]
[Date "2016.07.31"]
[Round "4.33"]
[White "Schmidt, Peter"]
[Black "Christensen, Andreas"]
[Result "0-1"]
[WhiteElo "1971"]
[BlackElo "1773"]
[PlyCount "120"]

1. e4 c5 2. Nf3 e6 3. c3 d5 4. e5 d4 5. d3 Nc6 6. Bf4 Nge7 7. Bg3 Nf5 8. Nbd2
Be7 9. a4 b6 10. Nc4 Ba6 11. Nfd2 h5 12. f4 Qc7 13. Qf3 Rd8 14. Bf2 Bb7 15. Ne4
a6 16. Be2 h4 17. g4 hxg3 18. hxg3 Rxh1+ 19. Qxh1 b5 20. axb5 axb5 21. Ncd2
dxc3 22. bxc3 b4 23. Nc4 bxc3 24. Nxc3 Ncd4 25. Ra7 Bxh1 26. Rxc7 Ra8 27. Bxd4
Nxd4 28. Nb6 Ra1+ 29. Kf2 Bd8 30. Rc8 Ke7 31. Nc4 Rc1 32. Ne4 Bxe4 33. dxe4 Rc2
34. Rxc5 Rxe2+ 35. Kf1 Rc2 36. Rc8 Nb5 37. Ke1 Ra2 38. Rb8 Ra1+ 39. Kd2 Ra2+
40. Kd3 Nc7 41. Nd6 Na6 42. Rb7+ Bc7 43. Kc3 Ra4 44. Ra7 Kd8 45. Nxf7+ Ke8 46.
Ng5 Ba5+ 47. Kb2 Nc5 48. Rxg7 Be1 49. Nh7 Rb4+ 50. Kc2 Ra4 51. Nf6+ Kd8 52. Kd1
Bb4 53. f5 Ra2 54. g4 Rd2+ 55. Kc1 Nd3+ 56. Kb1 Rb2+ 57. Ka1 Kc8 58. Rd7 Nc5
59. Rd1 Bc3 60. Rc1 Nb3# 0-1

[Event "Kieler Open 2016-A"]
[Site "Kiel"]
[Date "2016.07.31"]
[Round "4.34"]
[White "Rosenburg, Thies"]
[Black "Richter, Rüdiger"]
[Result "1/2-1/2"]
[WhiteElo "1728"]
[BlackElo "1905"]
[PlyCount "53"]

1. d4 d5 2. c4 c6 3. cxd5 cxd5 4. Nc3 Nf6 5. Nf3 a6 6. Bf4 g6 7. e3 Bg7 8. h3
O-O 9. Bd3 Nc6 10. O-O b5 11. Rc1 Bb7 12. Nd2 Nh5 13. Bh2 e5 14. Be2 exd4 15.
exd4 Nf6 16. Nb3 Re8 17. Bf3 Ne4 18. Re1 Na5 19. Nxe4 dxe4 20. Bc7 Qd7 21. Nxa5
exf3 22. Rxe8+ Rxe8 23. Nxb7 Rc8 24. Qxf3 Rxc7 25. Rxc7 Qxc7 26. Qe4 Bxd4 27.
Qxd4 1/2-1/2

[Event "Kieler Open 2016-A"]
[Site "Kiel"]
[Date "2016.07.31"]
[Round "4.35"]
[White "Werner, René"]
[Black "Rommeck, Christiane"]
[Result "1-0"]
[WhiteElo "1885"]
[BlackElo "1558"]
[PlyCount "59"]

1. c4 Nf6 2. Nc3 c5 3. g3 Nc6 4. Bg2 e6 5. d3 d5 6. cxd5 exd5 7. Nf3 Be7 8. O-O
O-O 9. Bd2 Be6 10. a3 Rc8 11. Rc1 b6 12. Ng5 Qd7 13. Re1 d4 14. Nce4 Nxe4 15.
Nxe6 Qxe6 16. Bxe4 f5 17. Bg2 Qf6 18. b4 Ne5 19. Qa4 Rc7 20. bxc5 Bxc5 21. Bb4
Rfc8 22. Bxc5 bxc5 23. e3 Kh8 24. exd4 Nd7 25. dxc5 Qf7 26. d4 Nf6 27. Qc4 Qf8
28. Red1 Ne8 29. Qb4 Rd8 30. c6 1-0

[Event "Kieler Open 2016-A"]
[Site "Kiel"]
[Date "2016.07.31"]
[Round "4.36"]
[White "Rohmann, Volker"]
[Black "Keyser, Robin"]
[Result "1/2-1/2"]
[WhiteElo "1820"]
[BlackElo "1925"]
[PlyCount "86"]

1. e4 e6 2. d4 d5 3. e5 c5 4. c3 Nc6 5. Nf3 Bd7 6. Be2 Nge7 7. O-O Rc8 8. a3 c4
9. Nbd2 Na5 10. Re1 Bc6 11. Bf1 Qd7 12. g3 Ba4 13. Qe2 Ng6 14. Bg2 h5 15. h4
Be7 16. Nf1 Nb3 17. Rb1 a5 18. Bg5 b5 19. Bxe7 Nxe7 20. Ng5 b4 21. axb4 axb4
22. Bh3 Nc6 23. Qf3 Rc7 24. Qe3 Kd8 25. f4 g6 26. Nh2 Kc8 27. Nhf3 Nd8 28. g4
hxg4 29. Bxg4 Kb8 30. Kg2 Qe7 31. Rh1 Bd7 32. h5 gxh5 33. Bxh5 Ra7 34. Bg4 Rxh1
35. Rxh1 Ra2 36. Rb1 Nc6 37. Kg3 bxc3 38. bxc3 Nd8 39. Bh5 Kc7 40. Nh7 f5 41.
Nf6 Qg7+ 42. Ng5 Rd2 43. Kh4 Rd3 1/2-1/2

[Event "Kieler Open 2016-A"]
[Site "Kiel"]
[Date "2016.07.31"]
[Round "4.37"]
[White "Neuendorf, Max"]
[Black "Untiedt, Urs Arved"]
[Result "0-1"]
[WhiteElo "1874"]
[BlackElo "1636"]
[PlyCount "72"]

1. e4 c5 2. c3 d5 3. exd5 Qxd5 4. d4 Nc6 5. Nf3 e6 6. Be3 cxd4 7. cxd4 Nf6 8.
Nc3 Bb4 9. Be2 Qa5 10. Qc2 O-O 11. O-O Bd7 12. Ne4 Be7 13. Bd3 h6 14. a3 Rac8
15. Qe2 Ng4 16. b4 Qd8 17. Nfd2 f5 18. Nc5 b6 19. Ncb3 Bd6 20. f4 Ne7 21. Nc4
Be8 22. Rac1 Bf7 23. Ne5 Bh5 24. Ba6 Rxc1 25. Rxc1 Bxe5 26. dxe5 Nd5 27. Bd2
Ngf6 28. Qc4 Ne4 29. g3 Bf7 30. Rc2 Be8 31. Nd4 Bf7 {=} 32. Bc1 Kh8 33. Qc6
Nxb4 34. axb4 Qxd4+ 35. Kf1 Qd1+ 36. Kg2 Bh5 0-1

[Event "Kieler Open 2016-A"]
[Site "Kiel"]
[Date "2016.07.31"]
[Round "4.38"]
[White "Riha, Peter"]
[Black "Saß, Patrick"]
[Result "0-1"]
[WhiteElo "1743"]
[BlackElo "1841"]
[PlyCount "62"]

1. d4 Nf6 2. c4 c5 3. d5 b5 4. cxb5 a6 5. Nc3 g6 6. e4 d6 7. f4 axb5 8. Bxb5+
Bd7 9. Bxd7+ Nbxd7 10. Nf3 Bg7 11. O-O O-O 12. e5 dxe5 13. fxe5 Ng4 14. e6 Nb6
15. Ng5 f5 16. Bf4 Bd4+ 17. Kh1 Nxd5 18. Nf7 Rxf7 19. exf7+ Kxf7 20. Qf3 Ngf6
21. Bg5 e6 22. Rfd1 Rb8 23. Rd2 Qa5 24. Rc2 Qa8 25. Qe2 Ng4 26. Nxd5 Qxd5 27.
Bh4 Ne3 28. Rd2 Nc4 29. Rc2 Nxb2 30. Qa6 c4 31. Re1 Ra8 0-1

[Event "Kieler Open 2016-A"]
[Site "Kiel"]
[Date "2016.07.31"]
[Round "4.39"]
[White "Millgramm, Stephan"]
[Black "Wenske, Hardy"]
[Result "1/2-1/2"]
[WhiteElo "1800"]
[BlackElo "1823"]
[PlyCount "77"]

1. e4 c6 2. d4 d5 3. e5 Bf5 4. Bd3 Bxd3 5. Qxd3 e6 6. f4 f5 7. Nf3 Be7 8. O-O
h6 9. c4 dxc4 10. Qxc4 Qd5 11. Qxd5 cxd5 12. Nc3 a6 13. Be3 b5 14. Rac1 Bd8 15.
b4 Nd7 16. a4 Rb8 17. a5 Ne7 18. Ne1 Kf7 19. Nd3 Re8 20. Nb1 Rc8 21. Rxc8 Nxc8
22. Rc1 Ne7 23. Nd2 Nb8 24. Nb3 Rg8 25. h4 Nec6 26. g3 Be7 27. Nbc5 Bxc5 28.
Rxc5 h5 {=} 29. Rc1 Re8 30. Rb1 Ke7 31. Nc5 Na7 32. Kf2 Rc8 33. Ke2 Rc7 34. Kd3
Nac6 35. Kc3 Kf7 36. Kb3 Ke7 37. Rc1 Kf7 38. Rc3 Ke7 39. Bf2 1/2-1/2

[Event "Kieler Open 2016-A"]
[Site "Kiel"]
[Date "2016.07.31"]
[Round "4.40"]
[White "Kertesz, Oliver"]
[Black "Schramm, Daniel"]
[Result "1/2-1/2"]
[WhiteElo "1700"]
[BlackElo "1988"]
[PlyCount "50"]

1. d4 g6 2. Bf4 Bg7 3. e3 d5 4. h3 c5 5. c3 Qb6 6. Qb3 Nf6 7. Nf3 O-O 8. Be2
Nc6 9. O-O Qd8 10. dxc5 Ne4 11. Rd1 e6 12. Qa3 Qe7 13. Nbd2 Nxc5 14. c4 Rd8 15.
cxd5 exd5 16. Rac1 {=} 16... Ne6 17. Qxe7 Nxe7 18. Be5 Nc6 19. Bxg7 Kxg7 20.
Nb3 a6 21. Rd2 Ne7 22. Rcd1 b6 23. Nbd4 Bb7 24. Rc2 Rac8 25. Rdc1 Rxc2 1/2-1/2

[Event "Kieler Open 2016-A"]
[Site "Kiel"]
[Date "2016.07.31"]
[Round "4.41"]
[White "Rützler, Maximilian"]
[Black "Schmieder, Kerstin"]
[Result "0-1"]
[WhiteElo "1691"]
[BlackElo "1654"]
[PlyCount "44"]

1. c4 e6 2. g3 d5 3. cxd5 exd5 4. d4 Nd7 5. Bg2 c6 6. Nf3 Ngf6 7. O-O Bd6 8. e4
Nxe4 9. Re1 O-O 10. Nbd2 Ndf6 11. Ne5 Nxd2 12. Bxd2 h6 13. Qc2 Be6 14. f4 Qc8
15. Rac1 Bf5 16. Qb3 Be4 17. Bf3 Rb8 18. Kg2 Bxf3+ 19. Qxf3 Ne4 20. Rxe4 dxe4
21. Qxe4 Qe6 22. Kg1 f6 0-1

[Event "Kieler Open 2016-A"]
[Site "Kiel"]
[Date "2016.08.01"]
[Round "5.1"]
[White "Krause, Benedict"]
[Black "Baramidze, David"]
[Result "1/2-1/2"]
[WhiteElo "2381"]
[BlackElo "2594"]
[PlyCount "98"]

1. e4 e5 2. Nf3 Nc6 3. Bc4 Bc5 4. O-O d6 5. c3 Nf6 6. d3 a6 7. Re1 Ba7 8. Bb3
h6 9. Nbd2 O-O 10. h3 Re8 11. Nf1 Be6 12. Ng3 d5 13. exd5 Bxd5 14. Bc2 Qd7 15.
Nh4 Rad8 16. Nhf5 Bc5 17. Bxh6 gxh6 18. Qc1 Nh7 19. d4 Bf8 20. Nxh6+ Bxh6 21.
Qxh6 e4 22. f3 f5 23. fxe4 fxe4 24. Bxe4 Bxe4 25. Rxe4 Rxe4 26. Nxe4 Qf5 27.
Nc5 Rf8 28. Qe6+ Qxe6 29. Nxe6 Rf7 30. d5 {(=)} Na5 31. b3 Nf8 32. Nd4 Rd7 33.
c4 c6 34. dxc6 bxc6 35. Nf3 c5 36. Re1 Nc6 37. Ne5 Re7 38. Nd3 Rxe1+ 39. Nxe1
Ne5 40. Kf2 Kf7 41. Ke3 Ke6 42. g4 a5 43. Ng2 Nfg6 44. Ke4 a4 45. Ne3 axb3 46.
axb3 Nc6 47. Nd5 Na5 48. b4 cxb4 49. Nxb4 Nxc4 1/2-1/2

[Event "Kieler Open 2016-A"]
[Site "Kiel"]
[Date "2016.08.01"]
[Round "5.2"]
[White "Braun, Arik"]
[Black "Fries-Nielsen, Jens Ove"]
[Result "1-0"]
[WhiteElo "2569"]
[BlackElo "2359"]
[PlyCount "37"]

1. d4 e6 2. c4 Bb4+ 3. Bd2 Bxd2+ 4. Qxd2 d5 5. Nc3 Ne7 6. Nf3 b6 7. e4 dxe4 8.
Nxe4 Bb7 9. Bd3 Nbc6 10. Bc2 a5 11. a3 O-O 12. O-O-O a4 13. Rhe1 Ng6 14. h4 Re8
15. h5 Nf8 16. h6 f5 17. hxg7 Kxg7 18. Ng3 Kg8 19. Qh6 1-0

[Event "Kieler Open 2016-A"]
[Site "Kiel"]
[Date "2016.08.01"]
[Round "5.3"]
[White "Junge, Ralph"]
[Black "Ernst, Thomas"]
[Result "0-1"]
[WhiteElo "2277"]
[BlackElo "2357"]
[PlyCount "111"]

1. d4 Nf6 2. c4 e6 3. Nc3 Bb4 4. f3 d5 5. a3 Bxc3+ 6. bxc3 c5 7. cxd5 Nxd5 8.
dxc5 Qa5 9. e4 Ne7 10. Be3 O-O 11. Qb3 Nec6 12. Rd1 Nd7 13. Bb5 a6 14. Bxc6
bxc6 15. Qb4 Qc7 16. Nh3 Rb8 17. Qa4 Rb5 18. O-O Nxc5 19. Qc4 Nd7 20. a4 Nb6
21. Qa2 Ra5 22. Rb1 Nd7 23. Rfd1 c5 24. Bf4 Qc6 25. Qf2 e5 26. Be3 Qxa4 27. Qh4
f6 28. Rd6 Qc2 29. Rc1 Qe2 30. Qf2 Qc4 31. g4 Ra2 32. Rd2 Rxd2 33. Qxd2 Nb6 34.
Nf2 Na4 35. Qd3 Be6 36. Ra1 Nxc3 37. Kg2 Ne2 38. Rxa6 Qxd3 39. Nxd3 Bc4 40. Ra3
Bxd3 41. Rxd3 Nd4 42. Rc3 Rc8 43. Rc4 Ne6 44. h4 Kf7 45. h5 Ke7 46. Kf2 Kd6 47.
Ra4 c4 48. Bc1 Kc5 49. Ke3 Kb5 50. Ra7 Rc7 51. Rxc7 Nxc7 52. f4 Kb4 53. f5 h6
54. Ke2 Kb3 55. Kd1 c3 56. g5 0-1

[Event "Kieler Open 2016-A"]
[Site "Kiel"]
[Date "2016.08.01"]
[Round "5.4"]
[White "Jacobs, Florian"]
[Black "Lanka, Zigurds"]
[Result "1/2-1/2"]
[WhiteElo "2228"]
[BlackElo "2450"]
[PlyCount "90"]

1. d4 Nf6 2. c4 g6 3. f3 Bg7 4. e4 O-O 5. Ne2 d6 6. Nec3 Nc6 7. d5 Ne5 8. Be2
c6 9. O-O Qb6+ 10. Kh1 Bd7 11. Na3 cxd5 12. cxd5 Rac8 13. h3 g5 14. Qb3 Qxb3
15. axb3 h6 16. Kh2 Nh7 17. Be3 a6 18. Nc4 Nxc4 19. bxc4 f5 20. Kg1 f4 21. Bf2
Be5 22. Na4 Nf6 23. Nb6 Rc7 24. Nxd7 Nxd7 25. Ra2 h5 26. b4 Kf7 27. Rc1 Rfc8
28. Ra5 Ra8 29. c5 b6 30. Rxa6 Rxa6 31. Bxa6 bxc5 32. Bb5 g4 33. Kf1 g3 34. Bg1
e6 35. Bxd7 Rxd7 36. bxc5 dxc5 37. Rxc5 Rb7 38. dxe6+ Kxe6 39. Rc6+ Kd7 40. Rb6
Rc7 41. Rb1 Rc2 42. Rd1+ Kc6 43. Rb1 Bb2 44. Rd1 Bc3 45. Rb1 Bb2 1/2-1/2

[Event "Kieler Open 2016-A"]
[Site "Kiel"]
[Date "2016.08.01"]
[Round "5.5"]
[White "Jahncke, Giso"]
[Black "Bente, Björn"]
[Result "1-0"]
[WhiteElo "2332"]
[BlackElo "2228"]
[PlyCount "69"]

1. Nf3 c5 2. g3 Nc6 3. c4 g6 4. Bg2 Bg7 5. Nc3 d6 6. O-O Qd7 7. e3 b6 8. d4 Bb7
9. b3 e6 10. Bb2 Nge7 11. Qd2 cxd4 12. exd4 O-O 13. Rfe1 d5 14. Ne5 Nxe5 15.
dxe5 Rad8 16. Rad1 Qc8 17. Nb5 Qa8 18. Ba3 Rd7 19. Bxe7 Rxe7 20. Nd6 Bc6 21.
cxd5 Bxd5 22. Bxd5 exd5 23. f4 Rd8 24. Qxd5 Qxd5 25. Rxd5 Bf8 26. Red1 Rc7 27.
Ne4 Rxd5 28. Rxd5 Rc1+ 29. Kg2 Re1 30. Nf6+ Kg7 31. Ne8+ Kg8 32. Rd7 Re2+ 33.
Kf3 Rxh2 34. Nf6+ Kg7 35. Ng4 1-0

[Event "Kieler Open 2016-A"]
[Site "Kiel"]
[Date "2016.08.01"]
[Round "5.6"]
[White "Light, Bjarne"]
[Black "Wichmann, Cliff"]
[Result "1/2-1/2"]
[WhiteElo "2205"]
[BlackElo "2314"]
[PlyCount "54"]

1. d4 d5 2. Nc3 e6 3. Nf3 Nf6 4. Bg5 Nbd7 5. e4 h6 6. Bxf6 Nxf6 7. e5 Nd7 8.
Ne2 c5 9. c3 b5 10. a3 b4 11. cxb4 cxb4 12. a4 Ba6 13. Nf4 Qa5 14. b3 Rc8 15.
Bxa6 Qxa6 16. Ne2 Be7 17. O-O O-O 18. Qd2 Nb8 19. Rac1 Nc6 20. Qe3 Na5 21. Nd2
Rxc1 22. Rxc1 Rc8 23. Rxc8+ Qxc8 24. Qd3 Bd8 25. f4 Bb6 26. Kf2 Nc6 27. Nf3 Qc7
1/2-1/2

[Event "Kieler Open 2016-A"]
[Site "Kiel"]
[Date "2016.08.01"]
[Round "5.7"]
[White "Bharadwaj, Dhanush"]
[Black "Beeck, Mats"]
[Result "1/2-1/2"]
[WhiteElo "2296"]
[BlackElo "2196"]
[PlyCount "94"]

1. Nf3 g6 2. e4 c5 3. c4 Nc6 4. d4 cxd4 5. Nxd4 Nf6 6. Nc3 Nxd4 7. Qxd4 d6 8.
Be2 Bg7 9. O-O O-O 10. Qd1 Be6 11. Be3 a6 12. Rc1 Qa5 13. a3 Rfc8 14. Nd5 Bxd5
15. exd5 b5 16. cxb5 axb5 17. Bd2 Qa4 18. Bc3 Rab8 19. Qd3 Rc5 20. Bf3 Qb3 21.
Qe2 Rb7 22. Bb4 Rc4 23. Rxc4 Qxc4 24. Qd2 Rc7 25. Re1 Kf8 26. h3 h5 27. Kh1 Qc2
28. Qe3 Qxb2 29. Qb6 Ne8 30. Be2 Rc1 31. Qxb5 Rxe1+ 32. Bxe1 Qxa3 33. g3 Qa1
34. Qb4 Be5 35. Kg2 Kg7 36. Bf3 Nf6 37. Bd2 Qd4 38. Qa5 Ne4 39. Be3 Qd3 40. Qa7
Bf6 41. Bf4 Qxd5 42. Qe3 g5 43. Bxd6 exd6 44. Bxe4 Qe6 45. Qf3 g4 46. hxg4 Qxg4
47. Qxg4+ hxg4 1/2-1/2

[Event "Kieler Open 2016-A"]
[Site "Kiel"]
[Date "2016.08.01"]
[Round "5.8"]
[White "Krause, Jonah"]
[Black "Pluska, Alexander"]
[Result "1/2-1/2"]
[WhiteElo "2268"]
[BlackElo "2116"]
[PlyCount "124"]

1. d4 Nf6 2. c4 e6 3. g3 c5 4. Nf3 cxd4 5. Nxd4 Qc7 6. Bg2 a6 7. O-O Qxc4 8.
Nc3 Nc6 9. Nb3 Be7 10. Bf4 Qb4 11. e4 d6 12. Be3 Na5 13. Nd2 Nc4 14. Nxc4 Qxc4
15. Rc1 Qb4 16. Na4 Nd7 17. Qc2 b5 18. Nb6 Nxb6 19. Bxb6 O-O 20. Rfd1 e5 21. a3
Qc4 22. Qxc4 bxc4 23. Bc7 Be6 24. Bxd6 Bxd6 25. Rxd6 Rfb8 26. Rd2 Rd8 27. Rcd1
Rxd2 28. Rxd2 Kf8 29. Bf1 Ke7 30. f4 f6 31. Rc2 Rc8 32. f5 Bg8 33. Rc3 Kd7 34.
Kf2 Rb8 35. Bxc4 Bxc4 36. Rxc4 Rxb2+ 37. Kf3 Rb3+ 38. Kg4 Rxa3 39. Rb4 Rc3 40.
Rb8 Kc7 41. Rg8 Kb6 42. Rxg7 Rc7 43. Rg8 Rf7 44. Kh5 a5 45. g4 a4 46. h4 a3 47.
Rd8 a2 48. Rd1 Ra7 49. Ra1 Kc5 50. g5 fxg5 51. hxg5 Kd4 52. g6 Kxe4 53. gxh7
Rxh7+ 54. Kg6 Ra7 55. f6 Kd3 56. f7 Rxf7 57. Kxf7 e4 58. Ke6 e3 59. Rxa2 e2 60.
Ra1 Kd2 61. Ke5 e1=R+ 62. Rxe1 Kxe1 1/2-1/2

[Event "Kieler Open 2016-A"]
[Site "Kiel"]
[Date "2016.08.01"]
[Round "5.9"]
[White "Voloshin, Leonid"]
[Black "Petri, Alexander"]
[Result "1-0"]
[WhiteElo "2424"]
[BlackElo "2139"]
[PlyCount "111"]

1. Nf3 Nf6 2. g3 d5 3. Bg2 c6 4. O-O e6 5. d3 Be7 6. Nbd2 O-O 7. e4 Qc7 8. e5
Nfd7 9. Re1 c5 10. Nf1 Nc6 11. Bf4 b5 12. h4 Nd4 13. Nxd4 cxd4 14. Nd2 Bb7 15.
Nb3 Bb4 16. Re2 Qb6 17. Bd2 Be7 18. Ba5 Qa6 19. Qe1 Bc5 20. Bb4 Qb6 21. Qd2
Rac8 22. Rb1 Qa6 23. a3 Qa4 24. Na5 Ba8 25. Nb3 Bb7 26. Nxc5 Nxc5 27. Qf4 Qa6
28. Qxd4 Qc6 29. Qg4 Rfd8 30. d4 Nd7 31. Be7 Re8 32. Bf6 Nxf6 33. exf6 g6 34.
Qf4 Kh8 35. Rbe1 Qc7 36. Qh6 Rg8 37. Bh3 Rce8 38. Qe3 Qd8 39. Qe5 Bc6 40. Re3
Bd7 41. Rc3 Qb6 42. Qc7 Rd8 43. Qxb6 axb6 44. Rc7 g5 45. hxg5 Rxg5 46. Re3 h5
47. Re5 Rg6 48. Rxh5+ Kg8 49. Rb7 Rxf6 50. Rxb6 Rc8 51. c3 Rf3 52. Bf1 Kg7 53.
Kg2 Rf6 54. Bxb5 Bxb5 55. Rxb5 Kg6 56. Rh1 1-0

[Event "Kieler Open 2016-A"]
[Site "Kiel"]
[Date "2016.08.01"]
[Round "5.10"]
[White "Wunder, Niklas"]
[Black "Thorgeirsson, Sverrir"]
[Result "1/2-1/2"]
[WhiteElo "2089"]
[BlackElo "2282"]
[PlyCount "91"]

1. e4 e6 2. d4 d5 3. Nc3 dxe4 4. Nxe4 Nd7 5. Nf3 Ngf6 6. Nxf6+ Nxf6 7. Be3 g6
8. Qd2 Bg7 9. Bh6 O-O 10. Bd3 b6 11. Bxg7 Kxg7 12. O-O Bb7 13. Be2 Qd6 14. Rad1
Rfd8 15. c3 Rac8 16. Qg5 h6 17. Qg3 Qd5 18. c4 Qa5 19. a3 Qa4 20. Ne5 Qe8 21.
h4 Ne4 22. Qf4 Nd6 23. Ng4 Qh8 24. Qe5+ Kg8 25. Qxh8+ Kxh8 26. Nxh6 Kg7 27. Ng4
Nf5 28. d5 exd5 29. cxd5 Bxd5 30. Ba6 Rb8 31. Ne3 Nxe3 32. fxe3 c5 33. Rd2 Bb3
34. Rff2 Kf8 35. g4 Ke7 36. h5 gxh5 37. gxh5 Rh8 38. Be2 Be6 39. Kh2 b5 40. Kg3
c4 41. Kf4 a5 42. Bg4 b4 43. axb4 axb4 44. Bxe6 fxe6 45. Rh2 c3 46. bxc3
1/2-1/2

[Event "Kieler Open 2016-A"]
[Site "Kiel"]
[Date "2016.08.01"]
[Round "5.11"]
[White "Schagen, Walt"]
[Black "Plüg, Andreas"]
[Result "0-1"]
[WhiteElo "2082"]
[BlackElo "2271"]
[PlyCount "76"]

1. e4 c6 2. d4 d5 3. e5 c5 4. dxc5 e6 5. b4 a5 6. c3 axb4 7. cxb4 b6 8. a4 bxc5
9. b5 Nd7 10. Nf3 f6 11. Bb2 fxe5 12. Nxe5 Ngf6 13. Bd3 c4 14. Bc2 Bb4+ 15. Nd2
c3 16. Nc6 cxd2+ 17. Kf1 Qc7 18. Nxb4 Qc4+ 19. Nd3 O-O 20. Qxd2 Ne4 21. Qe2 Bb7
22. f3 Nc3 23. Qxe6+ Rf7 24. Ke1 Nxa4 25. Kd2 Qxb5 26. Rhb1 Nf8 27. Qe5 Nb6 28.
Qd4 Nc4+ 29. Ke2 Re8+ 30. Kf2 Ne6 31. Qg4 Qb6+ 32. Kg3 Qc7+ 33. Kf2 Ne3 34.
Kxe3 Nd4+ 35. Kf2 Qxc2+ 36. Kg3 Ne2+ 37. Kh3 Qxd3 38. Kh4 Qe3 0-1

[Event "Kieler Open 2016-A"]
[Site "Kiel"]
[Date "2016.08.01"]
[Round "5.12"]
[White "Schoonackers, Jeroen"]
[Black "Parvanyan, Ashot"]
[Result "0-1"]
[WhiteElo "2055"]
[BlackElo "2240"]
[PlyCount "42"]

1. d4 Nf6 2. c4 g6 3. Nc3 Bg7 4. e4 d6 5. Nf3 O-O 6. Be2 e5 7. Be3 h6 8. d5 Ng4
9. Bc1 f5 10. h3 Nf6 11. Nd2 a5 12. exf5 gxf5 13. g4 Na6 14. Nf1 f4 15. Nd2 Nc5
16. Qc2 e4 17. Nf1 f3 18. Bd1 Nd3+ 19. Kd2 Nxf2 20. Rh2 N6xg4 21. hxg4 Nxg4 0-1

[Event "Kieler Open 2016-A"]
[Site "Kiel"]
[Date "2016.08.01"]
[Round "5.13"]
[White "Benzen, Marthe"]
[Black "Gottuk, Stefan"]
[Result "0-1"]
[WhiteElo "2043"]
[BlackElo "2203"]
[PlyCount "102"]

1. e4 Nc6 2. d4 d5 3. exd5 Qxd5 4. Nf3 Bg4 5. Be2 O-O-O 6. Nc3 Qa5 7. Bd2 Bxf3
8. Bxf3 Nxd4 9. Bg4+ e6 10. Ne2 Qd5 11. Nxd4 Qxd4 12. c3 Qe4+ 13. Qe2 Qxe2+ 14.
Kxe2 Bc5 15. Bg5 Be7 16. Be3 f5 17. Bf3 e5 18. g4 f4 19. Bxa7 b6 20. a4 Nf6 21.
g5 e4 22. gxf6 exf3+ 23. Kxf3 Bxf6 24. a5 Kb7 25. axb6 cxb6 26. Ra4 Rd3+ 27.
Kxf4 Ra8 28. Rha1 Rd2 29. Bxb6 Rxa4+ 30. Rxa4 Kxb6 31. Rb4+ Kc6 32. Ke3 Rd5 33.
Rc4+ Kd6 34. Kf3 Rd3+ 35. Kg2 Kd5 36. Rb4 Kc5 37. h3 h6 38. f3 h5 39. h4 Rd2+
40. Kg1 Be5 41. Re4 Kd5 42. c4+ Kd6 43. b3 Rd3 44. f4 Bf6 45. b4 Rd4 46. Rxd4+
Bxd4+ 47. Kg2 Bc3 48. b5 Be1 49. Kf3 Kc5 50. Ke4 Bxh4 51. Kf5 Bf6 0-1

[Event "Kieler Open 2016-A"]
[Site "Kiel"]
[Date "2016.08.01"]
[Round "5.15"]
[White "Kaulich, Philipp Theodor"]
[Black "Ghadimi, Mohammed Reza"]
[Result "1-0"]
[WhiteElo "2148"]
[BlackElo "2098"]
[PlyCount "31"]

1. e4 c5 2. d4 cxd4 3. c3 Nf6 4. e5 Nd5 5. Nf3 e6 6. cxd4 b6 7. Nc3 Bb7 8. Bd3
Na6 9. Nxd5 exd5 10. Bg5 Bb4+ 11. Kf1 f6 12. exf6 gxf6 13. Bh4 Nc7 {(=)} 14.
Ne5 O-O 15. Qg4+ Kh8 16. Qh5 1-0

[Event "Kieler Open 2016-A"]
[Site "Kiel"]
[Date "2016.08.01"]
[Round "5.16"]
[White "Böhm, Thomas"]
[Black "Möller, Dustin"]
[Result "1-0"]
[WhiteElo "2148"]
[BlackElo "1985"]
[PlyCount "81"]

1. e4 e6 2. d4 d5 3. Nc3 Nf6 4. Bg5 Bb4 5. exd5 exd5 6. Qf3 Bxc3+ 7. bxc3 Nbd7
8. Bd3 c5 9. Ne2 h6 10. Bf4 c4 11. Bf5 Nf8 12. Ng3 g6 13. Bxc8 Rxc8 14. O-O Rc6
15. Rfe1+ Re6 16. Rxe6+ fxe6 17. Re1 Kd7 18. Be5 N8h7 19. Qf4 g5 20. Qc1 Rf8
21. Qa3 Qb6 22. h3 Rf7 23. Qa4+ Kd8 24. Nf1 Ne4 25. Rxe4 dxe4 26. Nd2 e3 27.
fxe3 a6 28. Qxc4 Nf6 29. Qd3 Nd7 30. Bg3 Nf8 {(=)} 31. Kh2 h5 32. Nc4 Qb1 33.
Nd2 Qd1 34. d5 exd5 35. Qxd5+ Rd7 36. Qxg5+ Ke8 37. Ne4 Re7 38. Nf6+ Kf7 39.
Nd5 Re6 40. Qf5+ Kg8 41. Nf6+ 1-0